[Event "Neckar op-A 12th"]
[Site "Deizisau"]
[Date "2008.03.21"]
[Round "2"]
[White "Bindrich, Falko"]
[Black "Otterstaetter, Stefan"]
[Result "1-0"]
[WhiteElo "2497"]
[BlackElo "2228"]
[PlyCount "83"]
[EventDate "2008.03.20"]
[EventType "swiss"]
[EventRounds "9"]
[EventCountry "GER"]
[SourceTitle "CBM 123 Extra"]
[Source "ChessBase"]
[SourceDate "2008.05.06"]
[SourceVersion "1"]
[SourceVersionDate "2008.05.06"]
[SourceQuality "1"]

1. e4 c5 2. Nf3 Nf6 3. Nc3 Nc6 4. d4 d5 5. exd5 Nxd5 6. dxc5 Nxc3 7. Qxd8+ Kxd8 8. bxc3 f6 9. Be3 e5 10. 0-0-0+ Kc7 11. Nd2 Be6 12. Bc4 Bxc4 13. Nxc4 Be7 14. Rd3 Rad8 15. Rhd1 g5 16. Nd6 Bxd6 17. cxd6+ Kd7 18. c4 b6 19. Ra3 Ke6 20. c5 bxc5 21. Bxc5 Rd7 22. Rdd3 Rb8 23. Rdb3 Rxb3 24. axb3 Kd5 25. Be3 Kxd6 26. Ra6 g4 27. b4 Rb7 28. Bc5+ Kd7 29. c3 f5 30. Kd2 h5 31. g3 h4 32. gxh4 Rb8 33. h5 Rh8 34. h6 Rxh6 35. b5 Rxh2 36. bxc6+ Kc7 37. Kd3 Rh3+ 38. Kc4 g3 39. fxg3 Rxg3 40. Bb4 f4 41. Ba5+ Kb8 42. c7+ 1-0

[Event "Bad Woerishofen op 23th"]
[Site "Bad Woerishofen"]
[Date "2007.03.15"]
[Round "8"]
[White "Otterstaetter, Stefan"]
[Black "Espig, Lutz"]
[Result "1-0"]
[WhiteElo "2227"]
[BlackElo "2351"]
[PlyCount "89"]
[EventDate "2007.03.08"]
[EventType "swiss"]
[EventRounds "9"]
[EventCountry "GER"]
[SourceTitle "EXT 2008"]
[Source "ChessBase"]
[SourceDate "2007.11.25"]
[SourceVersion "1"]
[SourceVersionDate "2007.11.25"]
[SourceQuality "1"]

1. d4 Nf6 2. c4 d6 3. Nc3 Nbd7 4. e4 e5 5. Nf3 g6 6. Be2 Bg7 7. 0-0 0-0 8. Qc2 c6 9. Rd1 Qc7 10. dxe5 dxe5 11. Be3 Ng4 12. Bg5 Nc5 13. h3 Nf6 14. Be3 Ne6 15. c5 Re8 16. b4 Bf8 17. Bc4 b6 18. cxb6 axb6 19. Bxe6 Bxe6 20. Nb5 Qb7 21. Nd6 Bxd6 22. Rxd6 c5 23. Ng5 Rac8 24. bxc5 bxc5 25. f3 Qe7 26. Rad1 c4 27. Nxe6 fxe6 28. Bg5 Qa7+ 29. Kh2 Kf7 30. Qc3 Qc5 31. a4 Ra8 32. Be3 Qa5 33. Qxc4 Qxa4 34. Qd3 Qa3 35. Qe2 Re7 36. Bg5 Rc7 37. Bxf6 Kxf6 38. Qf2 Raa7 39. Qh4+ Kg7 40. Rxe6 Rc2 41. Qf6+ Kh6 42. Rxe5 Qb2 43. Qf8+ Rg7 44. Qf4+ g5 45. Rd6+ 1-0

[Event "Oberliga Sued W 0607"]
[Site "Germany"]
[Date "2007.02.04"]
[Round "6.6"]
[White "Otterstaetter, Stefan"]
[Black "Paci, Cedric"]
[Result "1-0"]
[WhiteElo "2230"]
[BlackElo "2260"]
[PlyCount "115"]
[EventDate "2006.10.15"]
[EventType "team-tourn"]
[EventRounds "9"]
[EventCountry "GER"]
[SourceTitle "EXT 2009"]
[Source "ChessBase"]
[SourceDate "2008.11.26"]
[SourceVersion "1"]
[SourceVersionDate "2008.11.26"]
[SourceQuality "1"]
[WhiteTeam "Ludwigshafen"]
[BlackTeam "Saarbruecken"]
[WhiteTeamCountry "GER"]
[BlackTeamCountry "GER"]

1. d4 e6 2. c4 f5 3. g3 Nf6 4. Bg2 Be7 5. Nc3 0-0 6. Nf3 d6 7. 0-0 Qe8 8. Qc2 Qh5 9. b3 Nc6 10. Ba3 Nd8 11. d5 Nf7 12. dxe6 Bxe6 13. Nd4 Bd7 14. Nd5 Nxd5 15. cxd5 Bf6 16. Rad1 Rac8 17. Bf3 Qg6 18. Ne6 Rfe8 19. Nf4 Qh6 20. Bb2 Ne5 21. Bg2 g5 22. Ne6 f4 23. Bxe5 Bxe5 24. Qf5 Bxe6 25. dxe6 Rf8 26. Qg4 c6 27. e7 Rfe8 28. h4 Qg6 29. hxg5 h5 30. Qh4 Qf7 31. gxf4 Qxf4 32. Qxh5 Rxe7 33. e3 Qf8 34. f4 Bc3 35. Rxd6 Rxe3 36. Rd7 Re7 37. Qg6+ Bg7 38. Rxe7 Qxe7 39. Be4 Rd8 40. Qh7+ Kf8 41. Qf5+ Kg8 42. Re1 Qb4 43. Qe6+ Kf8 44. Re2 Rd1+ 45. Kg2 Rd2 46. Qf5+ Ke7 47. Bf3+ Rxe2+ 48. Bxe2 Qd4 49. Qg4 Qa1 50. f5 Bd4 51. Qe4+ Kd6 52. Qf4+ Kc5 53. Qf1 Qxa2 54. f6 Qxb3 55. f7 Qd5+ 56. Kh3 Qe6+ 57. Bg4 Qe3+ 58. Kh4 1-0

[Event "Hassloch op 21st"]
[Site "Hassloch"]
[Date "2006.06.03"]
[Round "2"]
[White "Otterstaetter, Stefan"]
[Black "Weller, Manuel"]
[Result "1/2-1/2"]
[WhiteElo "2227"]
[BlackElo "1810"]
[PlyCount "120"]
[EventDate "2006.06.02"]
[EventType "swiss"]
[EventRounds "7"]
[EventCountry "GER"]
[SourceTitle "CBM 112 Extra"]
[Source "ChessBase"]
[SourceDate "2006.07.14"]
[SourceVersion "1"]
[SourceVersionDate "2006.07.14"]
[SourceQuality "1"]

1. d4 d5 2. c4 e6 3. Nf3 Nf6 4. Nc3 Be7 5. Qc2 0-0 6. Bg5 h6 7. Bxf6 Bxf6 8. e4 dxe4 9. Qxe4 c5 10. Bd3 g6 11. dxc5 Nd7 12. Qe3 Bg7 13. Rd1 Qa5 14. c6 bxc6 15. 0-0 Nc5 16. Bb1 Rb8 17. Ne4 Nxe4 18. Qxe4 Rxb2 19. Nd4 c5 20. Nb3 Qc7 21. Qe3 Ba6 22. Rc1 Rc8 23. Bxg6 Rxa2 24. Bb1 Ra4 25. Qe4 Bb7 26. Qh7+ Kf8 27. Nd2 Qf4 28. Qd3 Qd4 29. Qe2 Qe5 30. Qd1 Rb4 31. Re1 Qd4 32. Re3 Rd8 33. Rd3 Qf6 34. Ne4 Rxd3 35. Qxd3 Bxe4 36. Qxe4 Qd8 37. Bd3 Rb6 38. Qe3 Qd4 39. Qf3 Qd8 40. Bg6 Bf6 41. Bh5 Qe7 42. Rd1 Bd4 43. h3 Qb7 44. Qf4 e5 45. Qf5 e4 46. Re1 Rf6 47. Qxe4 Bxf2+ 48. Kh1 Qxe4 49. Rxe4 Bg3 50. Kg1 Rb6 51. Kf1 Rb1+ 52. Ke2 Re1+ 53. Kf3 Rxe4 54. Kxe4 Be1 55. Kd5 Bb4 56. Kd6 a5 57. Bd1 Kg7 58. Bc2 Kf6 59. h4 Kg7 60. g4 Kf6 1/2-1/2

[Event "Oberliga Sued W 0405"]
[Site "Germany"]
[Date "2005.02.13"]
[Round "7.6"]
[White "Bohn, Thomas"]
[Black "Otterstaetter, Stefan"]
[Result "1-0"]
[WhiteElo "2284"]
[BlackElo "2170"]
[PlyCount "99"]
[EventDate "2004.10.03"]
[EventType "team-tourn"]
[EventRounds "9"]
[EventCountry "GER"]
[SourceTitle "EXT 2009"]
[Source "ChessBase"]
[SourceDate "2008.11.26"]
[SourceVersion "1"]
[SourceVersionDate "2008.11.26"]
[SourceQuality "1"]
[WhiteTeam "Koblenz 25"]
[BlackTeam "Ludwigshafen"]
[WhiteTeamCountry "GER"]
[BlackTeamCountry "GER"]

1. f4 d5 2. Nf3 c6 3. d3 g6 4. Nc3 Bg7 5. e4 Bg4 6. h3 Bxf3 7. Qxf3 e6 8. Be2 Qb6 9. Nd1 Ne7 10. Be3 Qa5+ 11. c3 Nd7 12. 0-0 f5 13. e5 0-0 14. a4 c5 15. Qf2 Rfc8 16. Bf3 b5 17. c4 bxa4 18. Bd2 Qa6 19. Nc3 Nb6 20. b3 Rab8 21. Nb5 Bf8 22. g4 Rd8 23. Be3 d4 24. Bd2 Rd7 25. Qh4 Qc8 26. Qf6 Rd8 27. Nxa7 Qd7 28. Nb5 Bg7 29. Qh4 Nbd5 30. cxd5 Qxb5 31. Qxe7 Re8 32. Qh4 Qxd3 33. Qf2 axb3 34. Ba5 b2 35. Rab1 Qa3 36. Bc7 Rb3 37. Bd6 Bf8 38. dxe6 Be7 39. Kg2 Rd3 40. Qxb2 Qxb2+ 41. Rxb2 c4 42. gxf5 c3 43. Rb7 Rd2+ 44. Kg3 gxf5 45. Bxe7 c2 46. Bf6 Rd3 47. Kh4 Rd1 48. Bxd1 cxd1Q 49. Rxd1 Kf8 50. Rf7+ 1-0

[Event "Oberliga Sued W 0405"]
[Site "Germany"]
[Date "2004.11.14"]
[Round "2.5"]
[White "Leuranguer, Yannick"]
[Black "Otterstaetter, Stefan"]
[Result "1-0"]
[WhiteElo "2152"]
[BlackElo "2159"]
[PlyCount "85"]
[EventDate "2004.10.03"]
[EventType "team-tourn"]
[EventRounds "9"]
[EventCountry "GER"]
[SourceTitle "EXT 2009"]
[Source "ChessBase"]
[SourceDate "2008.11.26"]
[SourceVersion "1"]
[SourceVersionDate "2008.11.26"]
[SourceQuality "1"]
[WhiteTeam "Landau"]
[BlackTeam "Ludwigshafen"]
[WhiteTeamCountry "GER"]
[BlackTeamCountry "GER"]

1. e4 c5 2. c3 Nf6 3. e5 Nd5 4. d4 cxd4 5. cxd4 e6 6. Nc3 Nxc3 7. bxc3 Qc7 8. Bd2 b6 9. f4 Ba6 10. c4 d5 11. cxd5 Bxf1 12. d6 Qb7 13. Kxf1 Nd7 14. Qf3 Qa6+ 15. Ne2 Rd8 16. Kf2 g6 17. Rhc1 Bg7 18. Rc7 0-0 19. Qc6 Nb8 20. Qc4 Qxc4 21. Rxc4 f6 22. Ke1 Rd7 23. Rac1 Rfd8 24. Rc8 Na6 25. R1c4 Rxc8 26. Rxc8+ Kf7 27. a3 g5 28. g3 h6 29. Kf2 Rb7 30. Nc3 fxe5 31. fxe5 Rd7 32. Nb5 Kg6 33. g4 Kf7 34. Ra8 Rb7 35. Kf3 Nb8 36. Rxa7 Rxa7 37. Nxa7 Ke8 38. Ke4 Kd7 39. h3 Na6 40. Be3 Nb8 41. d5 exd5+ 42. Kxd5 Ke8 43. e6 1-0

[Event "Bad Woerishofen op 20th"]
[Site "Bad Woerishofen"]
[Date "2004.03.25"]
[Round "8"]
[White "Otterstaetter, Stefan"]
[Black "Maeder, Karl Heinz"]
[Result "1/2-1/2"]
[WhiteElo "2178"]
[BlackElo "2320"]
[PlyCount "59"]
[EventDate "2004.03.18"]
[EventType "swiss"]
[EventRounds "9"]
[EventCountry "GER"]
[SourceTitle "CBM 099 Extra"]
[Source "ChessBase"]
[SourceDate "2004.05.04"]
[SourceVersion "1"]
[SourceVersionDate "2004.05.04"]
[SourceQuality "1"]

1. d4 Nf6 2. c4 e6 3. Nf3 Bb4+ 4. Nbd2 b6 5. a3 Bxd2+ 6. Qxd2 Bb7 7. e3 a5 8. b3 0-0 9. Be2 d6 10. 0-0 Nbd7 11. Bb2 Ne4 12. Qc2 f5 13. Nd2 Qg5 14. f4 Qe7 15. Bf3 Ndf6 16. Rad1 Nxd2 17. Rxd2 Be4 18. Qd1 d5 19. Qc1 Rac8 20. c5 Rb8 21. Qc3 bxc5 22. dxc5 Rb5 23. b4 Rfb8 24. Rd4 c6 25. Be2 R5b7 26. Ra1 Nd7 27. Ba6 Ra7 28. Be2 Rab7 29. Ba6 Ra7 30. Be2 1/2-1/2

[Event "Bad Woerishofen op 19th"]
[Site "Bad Woerishofen"]
[Date "2003.03.20"]
[Round "8"]
[White "Otterstaetter, Stefan"]
[Black "Roesner, Harald"]
[Result "1-0"]
[WhiteElo "2165"]
[BlackElo "2000"]
[PlyCount "61"]
[EventDate "2003.03.13"]
[EventType "swiss"]
[EventRounds "9"]
[EventCountry "GER"]
[SourceTitle "CBM 093 Extra"]
[Source "ChessBase"]
[SourceDate "2003.05.09"]
[SourceVersion "1"]
[SourceVersionDate "2003.05.09"]
[SourceQuality "1"]

1. d4 d5 2. Nf3 Nf6 3. c4 dxc4 4. e3 Bg4 5. Bxc4 e6 6. h3 Bh5 7. Nbd2 Nbd7 8. b3 c5 9. Bb2 cxd4 10. exd4 Be7 11. 0-0 0-0 12. Re1 Nb6 13. Be2 Rc8 14. a3 Nbd5 15. Rc1 Rxc1 16. Qxc1 Qb8 17. Ne5 Rc8 18. Qd1 Bg6 19. Nxg6 hxg6 20. Bf1 Qf4 21. g3 Qf5 22. Nc4 Ne4 23. Rxe4 Qxe4 24. Bd3 Ne3 25. Nxe3 Qc6 26. h4 Rd8 27. h5 g5 28. h6 Bf6 29. Qh5 Bxd4 30. Bxd4 f5 31. Qg6 1-0

[Event "Bad Woerishofen op 19th"]
[Site "Bad Woerishofen"]
[Date "2003.03.19"]
[Round "7"]
[White "Buchner, Rudolf"]
[Black "Otterstaetter, Stefan"]
[Result "1-0"]
[WhiteElo "2301"]
[BlackElo "2165"]
[PlyCount "113"]
[EventDate "2003.03.13"]
[EventType "swiss"]
[EventRounds "9"]
[EventCountry "GER"]
[SourceTitle "CBM 093 Extra"]
[Source "ChessBase"]
[SourceDate "2003.05.09"]
[SourceVersion "1"]
[SourceVersionDate "2003.05.09"]
[SourceQuality "1"]

1. e4 c5 2. Nf3 Nf6 3. Nc3 Nc6 4. d4 d5 5. exd5 Nxd5 6. Bc4 Nxc3 7. bxc3 e6 8. 0-0 Be7 9. Be3 Qc7 10. Qe2 cxd4 11. cxd4 Bd7 12. Rab1 Rc8 13. Rfd1 Nb4 14. Bb3 Nd5 15. Bxd5 exd5 16. Bg5 f6 17. Re1 Bc6 18. Bf4 Qd7 19. Rb3 Kf7 20. Re3 Rhe8 21. Nh4 g6 22. Qf3 Kg7 23. g4 Bb4 24. c3 Rxe3 25. Rxe3 Bd6 26. Bxd6 Qxd6 27. Qe2 Rf8 28. Nf3 Bd7 29. h3 Qf4 30. Ne1 Qd6 31. Kg2 Kf7 32. Nd3 b6 33. Qf3 Kg7 34. Nb4 Be6 35. Qe2 Kf7 36. f4 Bd7 37. Qf3 Re8 38. Re5 Rxe5 39. fxe5 Qe6 40. Kg3 f5 41. a3 a5 42. Nd3 Qc6 43. Nf4 g5 44. Qxd5+ Ke7 45. Qxc6 gxf4+ 46. Kxf4 Bxc6 47. gxf5 h6 48. c4 Bg2 49. h4 Bf1 50. c5 b5 51. d5 b4 52. d6+ Kd8 53. axb4 a4 54. e6 Bc4 55. b5 Bxb5 56. f6 Ke8 57. f7+ 1-0

[Event "Bad Woerishofen op 19th"]
[Site "Bad Woerishofen"]
[Date "2003.03.15"]
[Round "3"]
[White "Emami, Madjid"]
[Black "Otterstaetter, Stefan"]
[Result "1/2-1/2"]
[WhiteElo "2018"]
[BlackElo "2165"]
[PlyCount "120"]
[EventDate "2003.03.13"]
[EventType "swiss"]
[EventRounds "9"]
[EventCountry "GER"]
[SourceTitle "CBM 093 Extra"]
[Source "ChessBase"]
[SourceDate "2003.05.09"]
[SourceVersion "1"]
[SourceVersionDate "2003.05.09"]
[SourceQuality "1"]

1. e4 c5 2. Nf3 Nf6 3. d3 d6 4. g3 e6 5. Bg2 Be7 6. 0-0 Qc7 7. Nbd2 Nbd7 8. Re1 b6 9. a3 Bb7 10. Qe2 0-0 11. Nh4 b5 12. f4 a5 13. Nhf3 Nb6 14. e5 Nfd7 15. exd6 Bxd6 16. Ne4 Be7 17. Neg5 h6 18. Nh3 c4 19. d4 Nd5 20. g4 c3 21. b3 Qb6 22. Kh1 N7f6 23. Nf2 Bd6 24. g5 Nh5 25. Nd3 Ndxf4 26. Nxf4 Nxf4 27. Bxf4 Bxf4 28. g6 fxg6 29. Qxe6+ Qxe6 30. Rxe6 Bd5 31. Re2 Rad8 32. Rd1 Bd6 33. Ne5 Bxg2+ 34. Kxg2 Rfe8 35. Rde1 Bxa3 36. Nc6 Rxe2+ 37. Rxe2 Rd6 38. Re8+ Kf7 39. Rc8 Bb4 40. Ne5+ Ke6 41. Nf3 g5 42. h3 Rb6 43. Ra8 Rb7 44. Kf2 Kf5 45. Ke3 g4 46. hxg4+ Kxg4 47. Ne5+ Kg3 48. Ra6 Be7 49. Rxa5 h5 50. Ra1 Bg5+ 51. Ke2 Kg2 52. Rf1 Bh4 53. Rf5 g5 54. d5 Bg3 55. Ng6 Rb8 56. Rxg5 Re8+ 57. Kd3 Kf3 58. Rxh5 Re3+ 59. Kd4 Ke2 60. Ne5 Bf2 1/2-1/2

[Event "Oberliga Sued W 0203"]
[Site "Germany"]
[Date "2002.10.20"]
[Round "2.4"]
[White "Repplinger, Marc"]
[Black "Otterstaetter, Stefan"]
[Result "0-1"]
[WhiteElo "2246"]
[BlackElo "2165"]
[PlyCount "55"]
[EventDate "2002.10.??"]
[EventType "team"]
[EventRounds "9"]
[EventCountry "GER"]
[SourceTitle "EXT 2005"]
[Source "ChessBase"]
[SourceDate "2004.11.15"]
[SourceVersion "1"]
[SourceVersionDate "2004.11.15"]
[SourceQuality "1"]

1. e4 c5 2. Nf3 Nf6 3. e5 Nd5 4. c3 e6 5. d4 cxd4 6. cxd4 b6 7. Nc3 Nxc3 8. bxc3 Qc7 9. Bd2 Be7 10. Bd3 Ba6 11. c4 Bxc4 12. Rc1 b5 13. 0-0 d5 14. exd6 Bxd6 15. Ne5 Bxe5 16. dxe5 Nd7 17. Bxc4 bxc4 18. Qg4 Nxe5 19. Qxg7 0-0-0 20. Qh6 Rhg8 21. Bf4 Qc6 22. Bg3 f5 23. Qf4 Rd5 24. Rxc4 Qxc4 25. Rc1 Kb7 26. Qe3 Rgd8 27. Rb1+ Rb5 28. Rxb5+ 0-1

[Event "Oberliga Sued W 0203"]
[Site "Germany"]
[Date "2002.09.29"]
[Round "1.5"]
[White "Mueller, Frank"]
[Black "Otterstaetter, Stefan"]
[Result "0-1"]
[WhiteElo "2040"]
[BlackElo "2165"]
[PlyCount "68"]
[EventDate "2002.10.??"]
[EventType "team"]
[EventRounds "9"]
[EventCountry "GER"]
[SourceTitle "EXT 2005"]
[Source "ChessBase"]
[SourceDate "2004.11.15"]
[SourceVersion "1"]
[SourceVersionDate "2004.11.15"]
[SourceQuality "1"]

1. e4 c5 2. Nf3 Nf6 3. e5 Nd5 4. Nc3 Nxc3 5. dxc3 Nc6 6. Bc4 e6 7. 0-0 Be7 8. Bf4 Qc7 9. Qd2 h6 10. Rfe1 g5 11. Bg3 g4 12. Nh4 Qd8 13. Ng6 fxg6 14. Qf4 Bg5 15. Qxg4 h5 16. Qe4 Kf7 17. f4 Bh6 18. Rad1 Qe8 19. Bh4 Ne7 20. Bxe7 Kxe7 21. Rd6 Qf7 22. g3 Rb8 23. Qe3 b6 24. Red1 Rb7 25. Bb5 Rc7 26. Qd2 Re8 27. Bxd7 Bxd7 28. Rxd7+ Rxd7 29. Qxd7+ Kf8 30. Qc6 Kg8 31. Rd7 Re7 32. Qc8+ Bf8 33. Rd8 Kg7 34. Qc6 g5 0-1

[Event "Oberliga Sued W 0102"]
[Site "Germany"]
[Date "2002.04.14"]
[Round "?"]
[White "Otterstaetter, Stefan"]
[Black "Lares, Harald"]
[Result "1/2-1/2"]
[WhiteElo "2195"]
[BlackElo "2004"]
[PlyCount "94"]
[EventDate "2001.10.09"]
[EventType "team"]
[EventRounds "9"]
[EventCountry "GER"]
[SourceTitle "EXT 2003"]
[Source "ChessBase"]
[SourceDate "2002.11.25"]
[SourceVersion "1"]
[SourceVersionDate "2002.11.25"]
[SourceQuality "1"]

1. d4 Nf6 2. Nf3 e6 3. Bg5 c5 4. e3 d5 5. Nbd2 Nc6 6. c3 h6 7. Bh4 cxd4 8. exd4 Bd6 9. Bd3 0-0 10. 0-0 Be7 11. Ne5 a6 12. Nxc6 bxc6 13. b4 a5 14. a3 Ba6 15. Nb3 Ne4 16. Bxe7 Qxe7 17. Bxa6 Rxa6 18. Qd3 Rfa8 19. Nxa5 Nd6 20. Rfe1 Nb7 21. Nxb7 Qxb7 22. c4 dxc4 23. Qc3 Qd7 24. Re3 Rd8 25. Qxc4 Qxd4 26. Qxd4 Rxd4 27. Rc1 Kf8 28. g3 Ke7 29. Kg2 Kd6 30. h4 Rb6 31. Rf3 f6 32. Rfc3 e5 33. Kf3 f5 34. Ke2 g6 35. Rc5 Ra6 36. R5c3 e4 37. Ke3 Rd5 38. h5 g5 39. g4 fxg4 40. Kxe4 Rd2 41. Ke3 Ra2 42. Rd1+ Ke6 43. Rdd3 Ra1 44. Kd4 Re1 45. Re3+ Rxe3 46. Rxe3+ Kd6 47. Kc4 Ra8 1/2-1/2

[Event "Passau op 8th"]
[Site "Passau"]
[Date "2000.04.22"]
[Round "4"]
[White "Diehm, Alexander"]
[Black "Otterstaetter, Stefan"]
[Result "0-1"]
[WhiteElo "2030"]
[BlackElo "2157"]
[PlyCount "48"]
[EventDate "2000.04.21"]
[EventType "swiss"]
[EventRounds "7"]
[EventCountry "GER"]
[SourceTitle "CBM 076 Extra"]
[Source "ChessBase"]
[SourceDate "2000.07.11"]
[SourceVersion "1"]
[SourceVersionDate "2000.07.11"]
[SourceQuality "1"]

1. d4 d5 2. c4 c6 3. Nc3 Nf6 4. Nf3 dxc4 5. e4 b5 6. Ne5 e6 7. Bg5 Be7 8. Qf3 Qxd4 9. Nxf7 Kxf7 10. Rd1 Qe5 11. Bf4 Qh5 12. Qg3 Nbd7 13. Be2 Qg6 14. Qf3 e5 15. Bg3 Rf8 16. h4 h5 17. b3 cxb3 18. Nxb5 cxb5 19. Qxb3+ Ke8 20. Bxb5 Qxe4+ 21. Kf1 Rb8 22. Re1 Qb4 23. Rxe5 Qxb3 24. axb3 Rxb5 0-1

[Event "Bad Wildbad op"]
[Site "Bad Wildbad"]
[Date "2000.04.03"]
[Round "4"]
[White "Otterstaetter, Stefan"]
[Black "Schulze, Ulrich"]
[Result "1-0"]
[WhiteElo "2157"]
[BlackElo "2368"]
[PlyCount "45"]
[EventDate "2000.04.01"]
[EventType "swiss"]
[EventRounds "9"]
[EventCountry "GER"]
[SourceTitle "EXT 2001"]
[Source "ChessBase"]
[SourceDate "2000.11.22"]
[SourceVersion "1"]
[SourceVersionDate "2000.11.22"]
[SourceQuality "1"]

1. d4 Nf6 2. Nf3 d5 3. c4 c6 4. Nc3 dxc4 5. e3 b5 6. a4 b4 7. Nb1 Ba6 8. Qc2 b3 9. Qd1 e6 10. Be2 Qd5 11. 0-0 Nbd7 12. Nfd2 Bb4 13. Nxb3 cxb3 14. Bxa6 0-0 15. Nd2 Bxd2 16. Bxd2 c5 17. Bc3 Ne4 18. Qd3 Nd6 19. dxc5 Qxd3 20. Bxd3 Nxc5 21. Be2 Rac8 22. Rfd1 Nf5 23. Bb4 1-0

[Event "Boeblingen op 16th"]
[Site "Boeblingen"]
[Date "1999.??.??"]
[Round "?"]
[White "Fahnenschmidt, Gerhard"]
[Black "Otterstaetter, Stefan"]
[Result "1-0"]
[WhiteElo "2336"]
[BlackElo "2157"]
[PlyCount "67"]
[EventDate "1999.12.??"]
[EventType "swiss"]
[EventRounds "9"]
[EventCountry "GER"]
[SourceTitle "EXT 2001"]
[Source "ChessBase"]
[SourceDate "2000.11.22"]
[SourceVersion "1"]
[SourceVersionDate "2000.11.22"]
[SourceQuality "1"]

1. d4 d5 2. Nf3 Nf6 3. e3 c6 4. Bd3 Bg4 5. c4 Nbd7 6. Nc3 e6 7. Qb3 dxc4 8. Bxc4 b5 9. Be2 b4 10. Na4 Bd6 11. Bd2 a5 12. Rc1 Rc8 13. h3 Bh5 14. 0-0 0-0 15. Rfd1 Qe7 16. Be1 c5 17. Qc4 Nd5 18. e4 Nf4 19. e5 Nxe2+ 20. Qxe2 Bb8 21. g4 Bg6 22. Rc4 cxd4 23. Rcxd4 Nc5 24. Nb6 Rcd8 25. Qb5 Be4 26. Rxd8 Rxd8 27. Qxc5 Qxc5 28. Rxd8+ Qf8 29. Rxf8+ Kxf8 30. Nd7+ Ke7 31. Nxb8 Bxf3 32. a3 Bb7 33. axb4 axb4 34. Bxb4+ 1-0